Ellery Channing,

Gespeichert in:
Bibliographische Detailangaben
1. Verfasser: Hudspeth, Robert N.
Format: Buch
Sprache:English
Veröffentlicht: New York, Twayne Publishers [1973]
Schriftenreihe:Twayne's United States authors series, TUSAS 223
Schlagworte:
LEADER 00907nam a2200241 4500
001 c000139566
003 CARM
005 00000000000000.0
008 730807s1973 nyu b 00110deng
019 1 |a 497770  |5 LACONCORD2021 
035 |a (OCoLC)695465  |5 LACONCORD2021 
050 0 0 |a PS1291  |b .H8 
082 0 0 |a 811/.2 
100 1 |a Hudspeth, Robert N. 
245 0 0 |a Ellery Channing,  |c by Robert N. Hudspeth. 
260 |a New York,  |b Twayne Publishers  |c [1973] 
300 |a 182 p.  |c 21 cm. 
490 0 |a Twayne's United States authors series, TUSAS 223 
504 |a Bibliography: p. 171-177. 
600 1 0 |a Channing, William Ellery,  |d 1817-1901  |x Criticism and interpretation. 
852 8 |b CARM  |h A2:AE04A0  |i B00812  |p 0041302  |f BK 
999 f f |i d586549c-f454-5714-81a6-eda0170152b5  |s 9ab7b6b4-44de-517d-9d7e-387062b6737c 
952 f f |p Can circulate  |a CAVAL  |b CAVAL  |c CAVAL  |d CARM 1 Store  |e B00812  |f A2:AE04A0  |h Other scheme  |i book  |m 0041302